[Event "Pristina Nderkombetar op"]
[Site "Pristina"]
[Date "2022.06.21"]
[Round "7"]
[White "Klisurica, Jashar"]
[Black "Xheladini, Mahmut"]
[Result "0-1"]
[WhiteElo "2051"]
[BlackElo "2209"]
[PlyCount "50"]
[EventDate "2022.06.17"]
[EventType "swiss"]
[EventRounds "9"]
[EventCountry "KOS"]
[SourceTitle "CBM 209 Extra"]
[Source "ChessBase"]
[SourceDate "2022.09.30"]
[SourceVersion "1"]
[SourceVersionDate "2022.09.30"]
[SourceQuality "1"]

1. e4 c6 2. d4 d6 3. f4 Nd7 4. Nf3 h6 5. Nc3 Qb6 6. Bd3 e5 7. 0-0 exf4 8. Bxf4 Qxb2 9. Qd2 g5 10. Bg3 Nb6 11. a3 g4 12. Ra2 Qxa2 13. Nxa2 gxf3 14. Rxf3 Be6 15. Nc1 0-0-0 16. Qa5 Bg7 17. Ne2 Nf6 18. Bh4 Nbd7 19. d5 cxd5 20. Nd4 Kb8 21. Nb5 a6 22. Qc7+ Ka8 23. Nxd6 Rb8 24. Bxa6 bxa6 25. Bf2 Rb1+ 0-1

[Event "Verbandsliga Suedbaden 1920"]
[Site "Baden"]
[Date "2020.03.08"]
[Round "7.1"]
[White "Xheladini, Mahmut"]
[Black "Milosevic, Goran"]
[Result "1/2-1/2"]
[WhiteElo "2164"]
[BlackElo "2291"]
[PlyCount "164"]
[EventDate "2019.09.29"]
[EventType "team-tourn"]
[EventRounds "9"]
[EventCountry "GER"]
[SourceTitle "EXT 2021"]
[Source "ChessBase"]
[SourceDate "2020.10.23"]
[SourceVersion "1"]
[SourceVersionDate "2020.10.23"]
[SourceQuality "1"]
[WhiteTeam "Dreilaendereck II"]
[BlackTeam "Dreisamtal"]
[WhiteTeamCountry "GER"]
[BlackTeamCountry "GER"]

1. e4 c5 2. Nf3 e6 3. Nc3 a6 4. a4 Qc7 5. Bc4 d6 6. d3 Nf6 7. 0-0 Be7 8. Re1 Nc6 9. h3 0-0 10. Ba2 Rb8 11. Ne2 b5 12. c3 Ne5 13. Ng3 Nxf3+ 14. Qxf3 bxa4 15. Bb1 Bd7 16. Bc2 Bc6 17. Qe2 Nd7 18. Bxa4 Bxa4 19. Rxa4 Qc6 20. Ra2 Rb5 21. Be3 Rfb8 22. Rea1 Qb7 23. Bc1 Ra8 24. f4 Bf8 25. Nf1 d5 26. exd5 exd5 27. Qf3 Nf6 28. Ne3 Rb6 29. g4 Rd8 30. Kg2 Qd7 31. Ra5 Rb3 32. Rxa6 d4 33. Ra7 Qe8 34. Nc4 dxc3 35. bxc3 Rxc3 36. Ne5 Qb5 37. Rb7 Qe8 38. Rxf7 c4 39. Rc7 Rc2+ 40. Kf1 Bd6 41. Rxc4 Bxe5 42. fxe5 Rxc4 43. dxc4 Qxe5 44. Ra8 Rxa8 45. Qxa8+ Kf7 46. Qf3 Qd4 47. Qf4 Qd3+ 48. Kf2 g5 49. Qf5 Qd4+ 50. Be3 Qb2+ 51. Kf3 h6 52. Qd3 Qh2 53. Qf1 Qc2 54. Kg3 Qc3 55. Qe2 Qe5+ 56. Kg2 Qe4+ 57. Kg3 Kg6 58. Kf2 Qh1 59. Qd3+ Kf7 60. Bd4 Qh2+ 61. Ke1 Qh1+ 62. Ke2 Qg2+ 63. Kd1 Ne4 64. Kc1 Ke6 65. Bg7 Qg1+ 66. Kc2 Qf2+ 67. Kb1 Qe1+ 68. Ka2 Qf2+ 69. Bb2 Qa7+ 70. Kb1 Qg1+ 71. Bc1 Qb6+ 72. Kc2 Qc6 73. Ba3 Ke5 74. Qf1 Qa4+ 75. Kb2 Kd4 76. Bf8 Qxc4 77. Bg7+ Kc5 78. Qxc4+ Kxc4 79. Kc2 Nf2 80. Kd2 Nxh3 81. Ke3 Kd5 82. Kf3 Nf4 1/2-1/2

[Event "Verbandsliga Suedbaden 1920"]
[Site "Baden"]
[Date "2019.11.10"]
[Round "2.1"]
[White "Roos, Jean Luc"]
[Black "Xheladini, Mahmut"]
[Result "1-0"]
[WhiteElo "2231"]
[BlackElo "2164"]
[PlyCount "53"]
[EventDate "2019.09.29"]
[EventType "team-tourn"]
[EventRounds "9"]
[EventCountry "GER"]
[SourceTitle "EXT 2021"]
[Source "ChessBase"]
[SourceDate "2020.10.23"]
[SourceVersion "1"]
[SourceVersionDate "2020.10.23"]
[SourceQuality "1"]
[WhiteTeam "Kuppenheim"]
[BlackTeam "Dreilaendereck II"]
[WhiteTeamCountry "GER"]
[BlackTeamCountry "GER"]

1. e4 c6 2. d4 d6 3. Nf3 Nd7 4. Bc4 h6 5. 0-0 Qc7 6. a4 e5 7. Nc3 Ngf6 8. h3 Be7 9. Be3 Nf8 10. Qb1 g5 11. Qa2 Be6 12. d5 cxd5 13. exd5 Bf5 14. Nxe5 a6 15. Nf3 Qd7 16. Rfe1 Bxc2 17. Bd4 Qf5 18. Rac1 Kd7 19. Re2 Bd3 20. Bxd3 Qxd3 21. Rxe7+ Kxe7 22. Re1+ Kd7 23. Bxf6 Ng6 24. Bxh8 Rxh8 25. Qb3 Kc8 26. Qb6 Qd2 27. Ne4 1-0

[Event "Oberliga Baden 1819"]
[Site "Baden"]
[Date "2019.02.03"]
[Round "6.6"]
[White "Xheladini, Mahmut"]
[Black "Adler, Joel Arturo Manuel"]
[Result "1-0"]
[WhiteElo "2191"]
[BlackElo "2244"]
[PlyCount "66"]
[EventDate "2018.10.21"]
[EventType "team-tourn"]
[EventRounds "9"]
[EventCountry "GER"]
[SourceTitle "EXT 2020"]
[Source "ChessBase"]
[SourceDate "2019.10.17"]
[SourceVersion "1"]
[SourceVersionDate "2019.10.17"]
[SourceQuality "1"]
[WhiteTeam "Dreilaendereck"]
[BlackTeam "Walldorf"]
[WhiteTeamCountry "GER"]
[BlackTeamCountry "GER"]

1. e4 c5 2. Nf3 Nc6 3. Nc3 e6 4. Bc4 a6 5. a4 Nf6 6. Qe2 d6 7. d3 Be7 8. 0-0 d5 9. Ba2 0-0 10. Re1 d4 11. Nb1 b5 12. Nbd2 Bb7 13. Nf1 Rc8 14. Bd2 Qb6 15. Rec1 Rfd8 16. Ng3 c4 17. dxc4 bxa4 18. Rcb1 a5 19. Rd1 Nb4 20. Bb1 Ba6 21. Ne5 Nd7 22. Nxd7 Rxd7 23. Qg4 Rxc4 24. Bh6 g6 25. Rxa4 Bb5 26. Ra1 Nxc2 27. Ra2 Nb4 28. Ra3 Nc6 29. Nh5 Qc5 30. Rh3 Ba4 31. b3 Ne5 32. Qf4 Bxb3 33. Nf6+ Kh8 1-0

[Event "Oberliga Baden 1819"]
[Site "Baden"]
[Date "2018.12.16"]
[Round "4.4"]
[White "Xheladini, Mahmut"]
[Black "Heinemann, Josefine"]
[Result "0-1"]
[WhiteElo "2191"]
[BlackElo "2308"]
[PlyCount "140"]
[EventDate "2018.10.21"]
[EventType "team-tourn"]
[EventRounds "9"]
[EventCountry "GER"]
[SourceTitle "EXT 2020"]
[Source "ChessBase"]
[SourceDate "2019.10.17"]
[SourceVersion "1"]
[SourceVersionDate "2019.10.17"]
[SourceQuality "1"]
[WhiteTeam "Dreilaendereck"]
[BlackTeam "Viernheim II"]
[WhiteTeamCountry "GER"]
[BlackTeamCountry "GER"]

1. e4 c5 2. Nf3 e6 3. Nc3 Nc6 4. Bc4 a6 5. a4 Nf6 6. Qe2 d6 7. d3 Be7 8. 0-0 0-0 9. Bf4 b6 10. Bg3 Bb7 11. Rfe1 Re8 12. e5 dxe5 13. Nxe5 Nd4 14. Qd1 Bd6 15. Ne4 Nxe4 16. dxe4 Qc7 17. Nf3 Bxg3 18. hxg3 Red8 19. Qc1 Nxf3+ 20. gxf3 Rd7 21. Rd1 Rad8 22. Rxd7 Rxd7 23. Qf1 a5 24. Rd1 Qd8 25. Rxd7 Qxd7 26. b3 h6 27. Qc1 g5 28. c3 Kg7 29. Be2 Qd6 30. Qe3 Kf8 31. Kf1 Ke7 32. Ke1 Qe5 33. Bb5 f5 34. Qd2 Qd6 35. Bd3 Kf6 36. Qe2 Bc6 37. Bb5 Ba8 38. Bd3 h5 39. Kd2 f4 40. Qe1 c4 41. bxc4 Bc6 42. Qh1 Be8 43. Qh2 fxg3 44. fxg3 Qa3 45. Ke3 Qc1+ 46. Kf2 Qxc3 47. Be2 Qd4+ 48. Kg2 Bg6 49. Qh1 e5 50. Qb1 g4 51. Qc2 Ke7 52. Bd1 Qe3 53. Qb2 Kf6 54. Qe2 gxf3+ 55. Qxf3+ Qxf3+ 56. Kxf3 h4 57. Bc2 hxg3 58. Kxg3 Bh5 59. Kf2 Ke7 60. Ke3 Kd6 61. Kd3 Kc5 62. Kc3 Bf3 63. Bd3 Bd1 64. Bf1 Bxa4 65. Be2 Bc6 66. Bd3 a4 67. Bb1 Bd7 68. Bc2 Be8 69. Bb1 Bf7 70. Bd3 a3 0-1

[Event "Basel op"]
[Site "Basel"]
[Date "2018.01.07"]
[Round "9"]
[White "Meier, Volker"]
[Black "Xheladini, Mahmut"]
[Result "0-1"]
[WhiteElo "2284"]
[BlackElo "2174"]
[PlyCount "96"]
[EventDate "2018.01.02"]
[EventType "swiss"]
[EventRounds "9"]
[EventCountry "SUI"]
[SourceTitle "CBM 182 Extra"]
[Source "ChessBase"]
[SourceDate "2018.02.23"]
[SourceVersion "1"]
[SourceVersionDate "2018.02.23"]
[SourceQuality "1"]

1. c4 e5 2. Nc3 d6 3. g3 c6 4. Bg2 f5 5. d4 Qa5 6. e3 Nf6 7. Nge2 Be7 8. 0-0 e4 9. d5 Nbd7 10. dxc6 bxc6 11. f3 exf3 12. Bxf3 Ne5 13. Bg2 Bd7 14. Nd4 g6 15. e4 fxe4 16. Nxe4 Nxe4 17. Bxe4 Qc5 18. Kh1 Bg4 19. Qd2 Qxc4 20. Bg2 0-0-0 21. b3 Qa6 22. Bb2 c5 23. Nc2 Rhf8 24. Qd5 Rxf1+ 25. Bxf1 Qc6 26. Qxc6+ Nxc6 27. Bg2 Bd7 28. Ne3 Rf8 29. Kg1 Nb4 30. Bc3 Na6 31. Rd1 Nc7 32. a4 Be6 33. b4 Bb3 34. Rb1 Bxa4 35. bxc5 dxc5 36. Ra1 Bg5 37. Nd5 Nxd5 38. Bxd5 Be3+ 39. Kh1 Bb5 40. Rxa7 Rd8 41. Bf3 Rd1+ 42. Kg2 Bf1+ 43. Kh1 Be2+ 44. Kg2 Rg1+ 45. Kh3 Bxf3 46. Rxh7 Bd4 47. Bxd4 cxd4 48. Kh4 d3 0-1

[Event "Basel op"]
[Site "Basel"]
[Date "2018.01.06"]
[Round "8"]
[White "Xheladini, Mahmut"]
[Black "Faraone, Ettore"]
[Result "1-0"]
[WhiteElo "2174"]
[BlackElo "2079"]
[PlyCount "79"]
[EventDate "2018.01.02"]
[EventType "swiss"]
[EventRounds "9"]
[EventCountry "SUI"]
[SourceTitle "CBM 182 Extra"]
[Source "ChessBase"]
[SourceDate "2018.02.23"]
[SourceVersion "1"]
[SourceVersionDate "2018.02.23"]
[SourceQuality "1"]

1. e4 c5 2. Nf3 a6 3. a4 d6 4. Nc3 Nc6 5. Bc4 e6 6. 0-0 Be7 7. d3 Nf6 8. Re1 Qc7 9. Bd2 0-0 10. h3 b6 11. Ba2 Bb7 12. Bf4 Nd7 13. Ne2 b5 14. Bg5 Nf6 15. Bh4 Nb4 16. Bb1 c4 17. Nc3 cxd3 18. cxd3 bxa4 19. Rxa4 a5 20. d4 Bc6 21. Ra1 e5 22. Bg3 Nd7 23. Qd2 Nb6 24. dxe5 dxe5 25. Bxe5 Qc8 26. Qe2 Qe6 27. Bd4 Nd7 28. Nd5 Bd6 29. Nxb4 Bxb4 30. Rc1 Rae8 31. Rd1 h6 32. Bc3 Qe7 33. Nd4 Ne5 34. Nf5 Qc7 35. Ba2 Bxc3 36. bxc3 Rb8 37. Qe3 Bb5 38. Qg3 g6 39. Rd6 Rfe8 40. Rxg6+ 1-0

[Event "Basel op"]
[Site "Basel"]
[Date "2018.01.05"]
[Round "5"]
[White "Parnali, S Dharia"]
[Black "Xheladini, Mahmut"]
[Result "1-0"]
[WhiteElo "2082"]
[BlackElo "2174"]
[PlyCount "37"]
[EventDate "2018.01.02"]
[EventType "swiss"]
[EventRounds "9"]
[EventCountry "SUI"]
[SourceTitle "CBM 182 Extra"]
[Source "ChessBase"]
[SourceDate "2018.02.23"]
[SourceVersion "1"]
[SourceVersionDate "2018.02.23"]
[SourceQuality "1"]

1. d4 Nc6 2. Nf3 d6 3. e4 Nf6 4. Nc3 Bg4 5. d5 Bxf3 6. Qxf3 Ne5 7. Qe2 c6 8. Bf4 Ned7 9. dxc6 bxc6 10. e5 Qb6 11. 0-0-0 dxe5 12. Bxe5 Nxe5 13. Qxe5 Qxf2 14. Nb5 Nd5 15. Nc7+ Nxc7 16. Qxc7 Qe3+ 17. Kb1 Qe6 18. Bc4 Qc8 19. Rd8+ 1-0

[Event "Basel op"]
[Site "Basel"]
[Date "2018.01.04"]
[Round "4"]
[White "Xheladini, Mahmut"]
[Black "Firat, Burak"]
[Result "0-1"]
[WhiteElo "2174"]
[BlackElo "2453"]
[PlyCount "82"]
[EventDate "2018.01.02"]
[EventType "swiss"]
[EventRounds "9"]
[EventCountry "SUI"]
[SourceTitle "CBM 182 Extra"]
[Source "ChessBase"]
[SourceDate "2018.02.23"]
[SourceVersion "1"]
[SourceVersionDate "2018.02.23"]
[SourceQuality "1"]

1. e4 e6 2. e5 d5 3. exd6 cxd6 4. d4 Nf6 5. Nf3 Be7 6. Bd3 0-0 7. 0-0 b6 8. Re1 Bb7 9. Nbd2 Nbd7 10. c3 Re8 11. Nf1 a6 12. Ng3 Bf8 13. Bg5 Qc7 14. Bxf6 Nxf6 15. Ne4 Nd5 16. Rc1 e5 17. Ng3 Nf4 18. Bc2 Rad8 19. Bb3 h6 20. Re3 Kh8 21. Qd2 g6 22. Rce1 f5 23. Ne2 Nh5 24. Nh4 Qg7 25. g3 Nf6 26. f3 Be7 27. Nf4 g5 28. Ne6 Qh7 29. Nxd8 Rxd8 30. Ng2 g4 31. Nh4 gxf3 32. Be6 Ne4 33. Rxe4 Bxe4 34. Rxe4 fxe4 35. Bf5 Bg5 36. Qf2 Qb7 37. Ng6+ Kg7 38. Qc2 e3 39. Be4 Qf7 40. h4 e2 41. hxg5 e1Q+ 0-1

[Event "Basel op"]
[Site "Basel"]
[Date "2017.01.06"]
[Round "6"]
[White "Harringer, Manfred"]
[Black "Xheladini, Mahmut"]
[Result "0-1"]
[WhiteElo "2009"]
[BlackElo "2171"]
[PlyCount "54"]
[EventDate "2017.01.02"]
[EventType "swiss"]
[EventRounds "9"]
[EventCountry "SUI"]
[SourceTitle "CBM 176 Extra"]
[Source "ChessBase"]
[SourceDate "2017.03.02"]
[SourceVersion "1"]
[SourceVersionDate "2017.03.02"]
[SourceQuality "1"]

1. e4 c6 2. d4 d6 3. Nf3 Nd7 4. Be2 e5 5. 0-0 Ngf6 6. Nc3 Be7 7. a4 Qc7 8. Be3 Nf8 9. Nh4 g6 10. f4 exf4 11. Bxf4 Ne6 12. Bg3 Qb6 13. Nf3 Qxb2 14. Qd2 Qb6 15. a5 Qd8 16. d5 Nc5 17. dxc6 bxc6 18. Rfd1 0-0 19. Qe3 d5 20. Nd4 Ncxe4 21. Nxe4 Nxe4 22. Nxc6 Bg5 23. Qb3 Qe8 24. Bb5 Bf6 25. Ne5 Qe7 26. Qxd5 Nxg3 27. Re1 Be6 0-1

[Event "BL2-Sued 1516"]
[Site "Germany"]
[Date "2016.02.21"]
[Round "7.6"]
[White "Xheladini, Mahmut"]
[Black "Commercon, Simon"]
[Result "1/2-1/2"]
[WhiteElo "2200"]
[BlackElo "2214"]
[PlyCount "140"]
[EventDate "2015.09.20"]
[EventType "team-tourn"]
[EventRounds "9"]
[EventCountry "GER"]
[SourceTitle "EXT 2017"]
[Source "ChessBase"]
[SourceDate "2016.10.25"]
[SourceVersion "1"]
[SourceVersionDate "2016.10.25"]
[SourceQuality "1"]
[WhiteTeam "Brombach"]
[BlackTeam "Schwegenheim"]
[WhiteTeamCountry "GER"]
[BlackTeamCountry "GER"]

1. e4 d5 2. Nc3 dxe4 3. Nxe4 Nc6 4. Bc4 e6 5. Nf3 Be7 6. d4 Nf6 7. Ng3 Qd6 8. 0-0 0-0 9. Re1 Rd8 10. c3 b6 11. Qe2 Bb7 12. b4 Bf8 13. a4 Ne7 14. Ne5 Bd5 15. Bd3 Ng6 16. a5 Bc6 17. Rd1 Qd5 18. f4 b5 19. a6 Rab8 20. Be3 Nh4 21. Rd2 Qd6 22. Nxc6 Qxc6 23. Rc2 Qd7 24. Nh5 Nd5 25. Be4 Nf5 26. Bf2 Nd6 27. Qf3 Nxe4 28. Qxe4 Qc6 29. Ng3 g6 30. Ne2 Nxb4 31. Qxc6 Nxc6 32. Rb2 Bg7 33. Rab1 b4 34. cxb4 Nxd4 35. Nxd4 Bxd4 36. Bxd4 Rxd4 37. g3 c6 38. Rc1 Rb6 39. Rbc2 Rxa6 40. Rxc6 Rxc6 41. Rxc6 Rxb4 42. Ra6 Rb7 43. Kg2 Kf8 44. Kh3 Ke8 45. Kg4 h6 46. h4 h5+ 47. Kg5 Ke7 48. Ra5 Rd7 49. Ra6 Rd5+ 50. Kh6 Kf6 51. Rxa7 Rd3 52. Kh7 Rxg3 53. Kg8 Kf5 54. Rxf7+ Kg4 55. Rf6 Kxh4 56. Kf7 Rg4 57. Rxe6 Rxf4+ 58. Kxg6 Kg4 59. Re1 h4 60. Rg1+ Kh3 61. Rh1+ Kg3 62. Kg5 Rg4+ 63. Kh5 Ra4 64. Rg1+ Kh2 65. Rb1 h3 66. Rb2+ Kg1 67. Rb1+ Kf2 68. Rb2+ Kf3 69. Rb3+ Kf2 70. Rb2+ Kf3 1/2-1/2

[Event "BL2-Sued 1516"]
[Site "Germany"]
[Date "2016.01.17"]
[Round "5.8"]
[White "Xheladini, Mahmut"]
[Black "Riff, Jean Noel"]
[Result "0-1"]
[WhiteElo "2200"]
[BlackElo "2506"]
[PlyCount "94"]
[EventDate "2015.09.20"]
[EventType "team-tourn"]
[EventRounds "9"]
[EventCountry "GER"]
[SourceTitle "EXT 2017"]
[Source "ChessBase"]
[SourceDate "2016.10.25"]
[SourceVersion "1"]
[SourceVersionDate "2016.10.25"]
[SourceQuality "1"]
[WhiteTeam "Brombach"]
[BlackTeam "Baden-Baden II"]
[WhiteTeamCountry "GER"]
[BlackTeamCountry "GER"]

1. e4 c5 2. Nf3 Nc6 3. Nc3 Nf6 4. Bc4 e6 5. d3 a6 6. a4 d5 7. Ba2 h6 8. 0-0 Be7 9. Re1 0-0 10. e5 Nd7 11. Bf4 Re8 12. Bg3 Nf8 13. h4 b6 14. Ne2 b5 15. c3 b4 16. d4 bxc3 17. bxc3 cxd4 18. cxd4 Nb4 19. Bb1 a5 20. Nf4 Ba6 21. Nh3 Rc8 22. h5 Qc7 23. Bf4 Nc2 24. Bxc2 Qxc2 25. Bd2 Qf5 26. Bxa5 Qxh5 27. Nf4 Qf5 28. Ne2 h5 29. Ng3 Qg6 30. Re3 h4 31. Ne2 Qf5 32. Ne1 Nh7 33. Nc3 Ng5 34. Nb5 h3 35. Ra2 hxg2 36. Kxg2 Ne4 37. Rh3 Qg5+ 38. Kf1 Rc4 39. Qd3 Qf5 40. Rf3 Qh5 41. Qb3 Rxd4 42. Bc3 Nc5 43. Qb1 Qh1+ 44. Ke2 Nxa4 45. Bd2 Rb8 46. Rb3 Bxb5+ 47. Rxb5 Qe4+ 0-1

[Event "EU-Cup 31st"]
[Site "Skopje"]
[Date "2015.10.18"]
[Round "1.5"]
[White "Xheladini, Mahmut"]
[Black "Aleksandrov, Aleksej"]
[Result "0-1"]
[WhiteElo "2219"]
[BlackElo "2606"]
[PlyCount "88"]
[EventDate "2015.10.18"]
[EventType "team-swiss"]
[EventRounds "7"]
[EventCountry "MKD"]
[SourceTitle "CBM 169"]
[Source "ChessBase"]
[SourceDate "2015.11.10"]
[SourceVersion "1"]
[SourceVersionDate "2015.11.10"]
[SourceQuality "1"]
[WhiteTeam "Expik"]
[BlackTeam "Belorechensk"]
[WhiteTeamCountry "KOS"]
[BlackTeamCountry "RUS"]

1. e4 e5 2. Nf3 Nc6 3. Bb5 a6 4. Ba4 Nf6 5. 0-0 Be7 6. Re1 b5 7. Bb3 d6 8. c3 0-0 9. d4 Bg4 10. Be3 Bh5 11. Nbd2 exd4 12. cxd4 Nb4 13. Qe2 c5 14. a3 Nc6 15. Rac1 Rc8 16. Ba2 cxd4 17. Bf4 Re8 18. Qd3 Qb6 19. Rc2 Nd7 20. Rec1 Nc5 21. Qf1 a5 22. Bd5 d3 23. Bxc6 Qxc6 24. Rc3 Bxf3 25. gxf3 Qb7 26. b4 axb4 27. axb4 Ne6 28. Be3 Rxc3 29. Rxc3 d5 30. Rxd3 Rd8 31. exd5 Rxd5 32. Rxd5 Qxd5 33. Qb1 f5 34. Nf1 f4 35. Ba7 Ng5 36. Nd2 Qxd2 37. Qb3+ Kf8 38. h4 Nf7 39. Qe6 Bxb4 40. Qf5 Qe1+ 41. Kg2 Qe7 42. Bb8 Qxh4 43. Bxf4 Kg8 44. Be3 Qc4 0-1